000 00253nam a2200097Ia 4500
005 20251222114414.0
008 251222s1900||||xx |||||||||||||| ||spa||
082 _aDVD0070/G43/1993/Ej.2
245 4 _aThe man without a face:El hombre sin rostro
942 _cDVD
999 _c2139
_d2139